000 00669nam a2200241 i 4500
001 000019759
003 DO-SdBNP
005 20230727130937.0
007 ta
008 100705s1961 dr a r 000 f spa d
040 _aDO-SdBNP
_bspa
_cBNPHU
_erda
082 _bH519n
_222
245 1 0 _aNi Trujillos ni fideles América /
_cNoel Henríquez
264 _aNew York :
_bLeatorum Corporation Publishers ,
_c1961 .
300 _a107 paginas ;
_c22 cm.
336 _2rdacontent
_atexto
_btxt
337 _2rdamedia
_asin mediación
_bn
338 _2rdacarrier
_avolumen
_bnc
590 _aInventariado, 2023 / DG
650 _99038
910 _aDG
942 _2ddc
_cLBS1
999 _c54251
_d54251